Podpora testovania použiteľnosti webových stránok

Guardado en:
Detalles Bibliográficos
Autor principal: Dická, Andrea (Autor)
Otros Autores: Kuric, Eduard (Orientador)
Formato: Manuscrito Libro
Lenguaje:eslovaco
Publicado: 2019
Materias:
Acceso en línea:http://is.stuba.sk/zp/portal_zp.pl?podrobnosti=115443
Etiquetas: Agregar Etiqueta
Sin Etiquetas, Sea el primero en etiquetar este registro!

MARC

LEADER 00000ntm a22000003a 4500
001 stuzp75108
003 SK-STU
005 20190622213023.6
007 ta
008 150427s2015----xo-----f-mn---000-0-slo-d
040 |a STU  |b slo 
041 0 |a slo 
100 1 |a Dická, Andrea  |u 070200  |4 aut  |U FIIT Fakulta informatiky a informačných technológií  |T FIIT Ústav informatiky, informačných systémov a softvérového inžinierstva  |X 73707  |U I200  |Y 179  |7 73707 
242 0 1 |a Support of website usability testing  |y eng 
245 1 0 |a Podpora testovania použiteľnosti webových stránok 
260 |c 2019 
650 4 |a testovanie  |2 slo 
650 4 |a metóda triedením kariet  |2 slo 
650 4 |a analýza zameraná na respondenta  |2 slo 
650 4 |a použiteľnosť  |2 slo 
650 4 |a webová aplikácia  |2 slo 
650 4 |a testing  |2 eng 
650 4 |a usability  |2 eng 
650 4 |a website  |2 eng 
650 4 |a card sorting  |2 eng 
650 4 |a respondent centred analysis  |2 eng 
700 1 |a Kuric, Eduard  |u 070200  |k Z1  |4 ths  |U FIIT Fakulta informatiky a informačných technológií  |T FIIT Ústav informatiky, informačných systémov a softvérového inžinierstva  |X 17452  |U I200  |Y 179  |7 17452 
856 4 |u http://is.stuba.sk/zp/portal_zp.pl?podrobnosti=115443 
996 |c I*BAP165/19  |l II680  |s P  |a 0  |w stuzp75108_0001